Úvod do studia politické vědy

Salvato in:
Dettagli Bibliografici
Autore principale: Cabada, Ladislav
Altri autori: Kubát, Michal
Natura: Libro
Lingua:ceco
Pubblicazione: Praha EUROLEX Bohemia 2004
Edizione:2. rozšíř. a dopl. vyd.
Serie:Politologie
Soggetti:
Tags: Aggiungi Tag
Nessun Tag, puoi essere il primo ad aggiungerne!!

MARC

LEADER 00000nam a2200000 4500
001 0027268
005 20221129085220.5
020 |a 80-86432-63-7 
041 0 |a cze 
044 |a CZ 
245 1 0 |a Úvod do studia politické vědy  |c Ladislav Cabada, Michal Kubát a kolektiv 
250 |a 2. rozšíř. a dopl. vyd. 
264 1 |a Praha  |b EUROLEX Bohemia  |c 2004 
300 |a 494 s. 
490 1 |a Politologie 
830 0 |a Politologie 
610 2 0 |a politológia 
610 2 0 |a politika 
610 2 0 |a metodológia 
610 2 0 |a filozofia 
610 2 0 |a ideológia 
610 2 0 |a systémy politické 
610 2 0 |a strany politické 
610 2 0 |a voľby 
610 2 0 |a demokracia 
610 2 0 |a vzťahy politické medzinárodné 
100 1 |a Cabada, Ladislav 
700 1 |a Kubát, Michal